| 000 | 00785nam a2200241 i 4500 | ||
|---|---|---|---|
| 001 | bg | ||
| 100 | 1 | _aŚWIĄTKIEWICZ, Hanna | |
| 245 | 1 | 0 |
_aSelected English grammar problems in exercises / _cHanna Świątkiewicz, Zbigniew Tamilin ; Wyższa Szkoła Morska w Szczecinie. |
| 260 |
_aSzczecin : _bWSM, _c2002. |
||
| 300 |
_a208 s., [5] k. tabl. złoż. luz. ; _c24 cm. |
||
| 500 | _aNazwa wydawcy w cop. Tekst częśc. pol. | ||
| 650 | 9 |
_aJęzyk angielski _xgramatyka |
|
| 655 | _aĆwiczenia i zadania | ||
| 700 | 1 | _aTAMILIN, Zbigniew | |
| 710 | 0 | _aWyższa Szkoła Morska (Szczecin) | |
| 020 | _a8386494344 | ||
| 040 | _cBPK | ||
| 041 | 0 | _apoleng | |
| 080 | _a811.111'36(075.8)(076) | ||
| 920 | _a83-86494-34-4 | ||
| 942 | _cKS | ||
| 008 | s pl f |000 0 pol | ||
| 999 |
_c44492 _d44492 |
||